Central Library OPAC University of Rajshahi

The United States political system : (Record no. 78494)

MARC details
000 -LEADER
fixed length control field 00782cam a2200253 a 4500
001 - CONTROL NUMBER
control field 78494
003 - CONTROL NUMBER IDENTIFIER
rucl marc code BD-RjUL
005 - DATE AND TIME OF LATEST TRANSACTION
control field 20211209083133.0
008 - FIXED-LENGTH DATA ELEMENTS--GENERAL INFORMATION
fixed length control field 210928s1954 nyu 000 0 eng
035 ## - SYSTEM CONTROL NUMBER
System control number (BD-RjUL)
040 ## - CATALOGING SOURCE
Original cataloging agency DLC
Transcribing agency DLC
Modifying agency DLC
-- BD-RjUL
Language of cataloging eng
041 ## - LANGUAGE CODE
Language code of text/sound track or separate title eng
043 ## - GEOGRAPHIC AREA CODE
Geographic area code n-us---
082 00 - DEWEY DECIMAL CLASSIFICATION NUMBER
Edition number 23
Classification number 320.973
Author mark and year COU 1954
100 1# - MAIN ENTRY--PERSONAL NAME
Personal name Coyle, David Cushman,
Dates associated with a name 1887-1969.
9 (RLIN) 248587
245 14 - TITLE STATEMENT
Title The United States political system :
Remainder of title and how it works /
Statement of responsibility, etc. by David Cushman Coyle.
260 ## - PUBLICATION, DISTRIBUTION, ETC. (IMPRINT)
Place of publication, distribution, etc. [New York] :
Name of publisher, distributor, etc. New American Library
Date of publication, distribution, etc. 1954
300 ## - PHYSICAL DESCRIPTION
Pagination 151 p.
Size 19 cm.
490 0# - SERIES STATEMENT
Series statement A Signet key book, K303
651 #0 - SUBJECT ADDED ENTRY--GEOGRAPHIC NAME
Geographic name United States
General subdivision Politics and government
-- Handbooks, manuals, etc.
9 (RLIN) 248588
942 ## - ADDED ENTRY ELEMENTS (KOHA)
Source of classification or shelving scheme Dewey Decimal Classification
Koha item type Books
Holdings
Lost status Source of classification or shelving scheme Damaged status Not for loan Collection code Permanent Location Current Location Shelving location Date acquired Source of acquisition Total Checkouts Full call number Date last seen Copy number Koha item type
  Dewey Decimal Classification   Not For Loan Non-fiction Central Library, University of Rajshahi Central Library, University of Rajshahi Reading Room 17/02/2021 Author   320.973 COU 1954 28/09/2021 C-1 Books